zpět

Detail výsledku týmu

Baarovka, České Budějovice

Datum a čas kvízu

24 Celkem bodů Celkový počet nahraných bodů na tomto kvízu bez doplňovacích otázek.
5. Pořadí na kvízu Konečné umístění týmu na tomto kvízu.

Zaznamenané odpovědi

# Otázka Odpověď Body Výsledky
1. V sobotu bylo pro veřejnost ot... Most, též Mostecké jezero 1
2. Rádio Svobodná Evropa se poprv... Maďarsko 0
3. Minulý týden byla v pražské ga... David Černý 0
4. Američtí biologové naklonovali... Převalského 1
5. Velká cena Itálie v Monze měla... Pierre Gasly 0
6. Nobelova cena je od roku 1901... ekonomie 0
7. Pouze dvěma Čechům v historii... Jaroslav Heyrovský, Jaroslav Seifert 1
8. Dva laureáti Nobelovy ceny za... Boris Pasternak, Jean-Paul Sartre 0
9. Přiřaďte laureáty Nobelových c... 1A 2D 3B 4C 0
10. Vyberte nepravdivé tvrzení o p... C 0